UPZs de Bogotá - Estadísticas

Estadísticas generales
  • Esta prueba ha sido intentada 9 veces
  • La puntuación promedio es 31 de 112
Estadísticas de respuestas
UPZ % Correcto
Venecia
71%
Suba
57%
12 de Octubre
43%
20 de Julio
43%
Aeropuerto Eldorado
43%
Arborizadora
43%
Bolivia
43%
Castilla
43%
Chapinero
43%
Ciudad Jardín
43%
Fontibón
43%
Galerías
43%
La Candelaria
43%
Las Cruces
43%
Modelia
43%
Patio Bonito
43%
Puente Aranda
43%
Quiroga
43%
Restrepo
43%
San Cristóbal Norte
43%
San Rafael
43%
Santa Bárbara
43%
Santa Isabel
43%
Teusaquillo
43%
Timiza
43%
Toberín
43%
Tunjuelito
43%
Usaquén
43%
Américas
29%
Apogeo
29%
Bavaria
29%
Bosa Central
29%
Bosa Occidental
29%
Capellanía
29%
Chicó Lago
29%
Ciudad Montes
29%
Ciudad Salitre Occidente
29%
Ciudad Salitre Oriental
29%
Country Club
29%
Danubio
29%
Diana Turbay
29%
El Rincón
29%
Engativá
29%
Garcés Navas
29%
Gran Yomasa
29%
Guaymaral
29%
Jardín Botánico
29%
La Academia
29%
La Esmeralda
29%
La Macarena
29%
La Sabana
29%
Las Nieves
29%
La Uribe
29%
Los Andes
29%
Los Cedros
29%
Los Libertadores
29%
Lourdes
29%
Marco Fidel Suárez
29%
Minuto de Dios
29%
Muzú
29%
Niza
29%
Pardo Rubio
29%
Parque Simón Bolívar
29%
Quinta Paredes
29%
San Blas
29%
San Francisco
29%
San José
29%
Santa Cecilia
29%
Sociego
29%
Tintal Norte
29%
Tintal Sur
29%
Verbenal
29%
Zona Industrial
29%
Álamos
14%
Alfonso López
14%
Boyacá Real
14%
Britalia
14%
Calandaima
14%
Carvajal
14%
Casablanca Suba
14%
Ciudad Usme
14%
Comuneros
14%
Corabastos
14%
El Mochuelo
14%
El Porvenir
14%
El Prado
14%
El Refugio
14%
El Tesoro
14%
Fontibón San Pablo
14%
Gran Britalia
14%
Granjas de Techo
14%
Ismael Perdomo
14%
Jerusalén
14%
Kennedy Central
14%
La Alhambra
14%
La Flora
14%
La Floresta
14%
La Gloria
14%
Las Ferias
14%
Las Margaritas
14%
Los Alcázares
14%
Lucero
14%
Marruecos
14%
Monteblanco
14%
Parque Entrenubes
14%
Parque Salitre
14%
Paseo de los Libertadores
14%
Sagrado Corazón
14%
San Isidro Patios
14%
San José de Bavaria
14%
Tibabuyes
14%
Zona Franca
14%
No se encontraron pruebas coincidentes
Distribución de puntuación
Porcentaje de gente con cada puntuación
Porcentaje por número respondido
Historial de tus puntuaciones
No has intentado esta prueba.